000 00832nam a2200253Ia 4500
003 OSt
005 20220927110340.0
006 a|||||r|||| 00| 0
007 ta
008 220926b |||||||| |||| 00| 0 eng d
024 _a65096
037 _cReports
040 _aRTL
_cRTL
_beng
041 _2eng
_aeng
082 _a"X415;F551.2.N57t, J8/GD"
110 _a"India, Railways (M/0) Coal Consumption on railways (Expert Commitee on-)"
_9376390
245 0 _aReport.
260 _aDelhi
_bManager Of Publication India
_c1958
300 _a215p
_ccm.
650 _aTransport Economic -- United State
_9376391
700 _a"India, Railways (M/0) Coal Consumption on railways (Expert Commitee on-)"
_9376392
942 _h"X415;F551.2.N57t, J8/GD"
_cCC
999 _c695660
_d695660